000 00388nam a2200145Ia 4500
008 230917s9999||||xx |||||||||||||| ||und||
040 _e201881
_aMAIN
041 _aEnglish
082 _a355.0218 R146C
100 _aRammohan, E N
245 0 _aCountering insurgencies in India: An insider's view
260 _aNew Delhi
_bVij Books India
_c2011
300 _avii, 218 p.
942 _cBK
999 _c161025
_d161025